000
00320nam a22001337a 4500
008
180216b xxu||||| |||| 00| 0 eng d
020
_a
9780205337521
041
_a
eng
080
_2
7th
_a
37
100
_a
47
101
_a
EDU
245
_a
Teaching and learning elementary social studies
_c
Ellis,A.K
942
_2
udc
_c
BK
999
_c
42778
_d
42778